000 00544nam a22002057a 4500
003 OSt
005 20140310182838.0
008 130607t xxu||||| |||| 00| 0 eng d
020 _a0749390514
050 _aPR 1309
_b.G662 1988
082 _aM 823
_bM66 1988
245 _aThe Minerva :
_bbook of short stories /
_cGordon, Giles
260 _aLondon :
_bHeinemann Minerva,
_c1988
300 _avii, 262 p. :
_c20 cm.
521 _acollege students
526 _c1210L-1700L
541 _j1
562 _e1
942 _2lcc
_cBK
_kM
999 _c16807
_d16807